The aging consumer : (Record no. 20618)
[ view plain ]
| 000 -LEADER | |
|---|---|
| fixed length control field | 02194cam a22002655a 4500 |
| 001 - CONTROL NUMBER | |
| control field | 15967060 |
| 005 - DATE AND TIME OF LATEST TRANSACTION | |
| control field | 20151125120510.0 |
| 008 - FIXED-LENGTH DATA ELEMENTS--GENERAL INFORMATION | |
| fixed length control field | 091030t2010 nyu frb 001 0 eng d |
| 020 ## - INTERNATIONAL STANDARD BOOK NUMBER | |
| International Standard Book Number | 9781848728110 |
| 040 ## - CATALOGING SOURCE | |
| Original cataloging agency | DLC |
| Transcribing agency | DLC |
| Language of cataloging | eng |
| Modifying agency | EG-ScBUE |
| 082 04 - DEWEY DECIMAL CLASSIFICATION NUMBER | |
| Classification number | 658.8340846 |
| Edition number | 22 |
| Item number | AGI |
| 245 04 - TITLE STATEMENT | |
| Title | The aging consumer : |
| Remainder of title | perspectives from psychology and economics / |
| Statement of responsibility, etc | edited by Aimee Drolet, Norbert Schwarz, Carolyn Yoon. |
| 260 ## - PUBLICATION, DISTRIBUTION, ETC. (IMPRINT) | |
| Place of publication, distribution, etc | New York ; |
| -- | London : |
| Name of publisher, distributor, etc | Routledge / Taylor & Francis Group, |
| Date of publication, distribution, etc | c.2010. |
| 300 ## - PHYSICAL DESCRIPTION | |
| Extent | xxi, 301 p. : |
| Other physical details | ill. ; |
| Dimensions | 24 cm. |
| 504 ## - BIBLIOGRAPHY, ETC. NOTE | |
| Bibliography, etc | Includes bibliographical references and indexes. |
| 505 0# - FORMATTED CONTENTS NOTE | |
| Formatted contents note | Cognitive psychology and neuroscience of aging / Angela H. Gutchess -- Spending patterns in the older population / Michael D. Hurd and Susann Rohwedder -- Socioemotional selectivity theory : implications for consumer research / Aimee Drolet, Loraine Lau-Gesk, Patti Williams and Hyewook Genevieve Jeong -- Aging-related changes in decision making / Ellen Peters -- Do workers prepare rationally for retirement? / Gary Burtless -- New choices, new information : do choice abundance and information complexity hurt aging consumers' medical decision making? / Stacy L. Wood, Judith A. Shinogle and Melayne M. McInnes -- The ageing consumer and intergenerational transmission of cherished possessions / Carolyn Folkman Curasi, Linda L. Price, and Eric J. Arnould -- Comprehension of marketing communications among older consumers / Carolyn M. Bonifield and Catherine A. Cole -- Impact of age on brand choice / Rapha�elle Lambert-Pandraud and Gilles Laurent -- Why do older consumers tell us they are more satisfied? / Carolyn Yoon, Fred Feinberg, and Norbert Schwarz -- Age-branding / Harry R. Moody and Sanjay Sood -- Designing products for older consumers : a human factors perspective / Neil Charness, Michael Champion and Ryan Yordon. |
| 650 #0 - SUBJECT ADDED ENTRY--TOPICAL TERM | |
| Topical term or geographic name as entry element | Older consumers. |
| Source of heading or term | BUEsh |
| 650 #0 - SUBJECT ADDED ENTRY--TOPICAL TERM | |
| Topical term or geographic name as entry element | Consumption (Economics) |
| Source of heading or term | BUEsh |
| 650 #7 - SUBJECT ADDED ENTRY--TOPICAL TERM | |
| Topical term or geographic name as entry element | Marketing. |
| Source of heading or term | BUEsh |
| 9 (RLIN) | 4499 |
| 653 ## - INDEX TERM--UNCONTROLLED | |
| Resource For college | BAEPS, Business Administration |
| Arrived date list | August2015 |
| -- | November2015 |
| 700 1# - ADDED ENTRY--PERSONAL NAME | |
| Personal name | Drolet, Aimee Leigh, |
| Relator term | editor. |
| 700 1# - ADDED ENTRY--PERSONAL NAME | |
| Personal name | Schwarz, Norbert, |
| Titles and other words associated with a name | Dr. phil, |
| Relator term | editor. |
| 700 1# - ADDED ENTRY--PERSONAL NAME | |
| Personal name | Yoon, Carolyn, |
| Dates associated with a name | 1960- |
| Relator term | editor. |
| 942 ## - ADDED ENTRY ELEMENTS (KOHA) | |
| Source of classification or shelving scheme | Dewey Decimal Classification |
| Withdrawn status | Lost status | Source of classification or shelving scheme | Damaged status | Not for loan | Koha collection | Home library | Current library | Shelving location | Date acquired | Source of acquisition | Cost, normal purchase price | Serial Enumeration / chronology | Total Checkouts | Total Renewals | Full call number | Barcode | Date last seen | Date last borrowed | Cost, replacement price | Koha item type |
|---|---|---|---|---|---|---|---|---|---|---|---|---|---|---|---|---|---|---|---|---|
| Dewey Decimal Classification | Baccah | Central Library | Central Library | First floor | 19/08/2015 | Purchase | 293.00 | 21758 | 3 | 3 | 658.8340846 AGI | 000039777 | 15/07/2025 | 23/05/2017 | 366.25 | Book - Borrowing |